| 000 | 00613nam a22002177a 4500 | ||
|---|---|---|---|
| 999 |
_c9062 _d9062 |
||
| 001 | 9062 | ||
| 003 | BD-JhCC | ||
| 005 | 20180314183406.0 | ||
| 008 | 180307s1965 bg ||||| |||| 00| 0 ben d | ||
| 035 | _a(BD-JhCC) 9062 | ||
| 040 |
_aBD-JhCC _dBD-JhCC |
||
| 041 | _aben | ||
| 082 |
_a188 _bMOH 1965 |
||
| 100 | _aমহীউদ্দিন | ||
| 245 |
_aদেকার্ত অনুধ্যান / _cমহীউদ্দিন |
||
| 260 |
_aঢাকা : _bবাঙলা একাডেমী _cMoh 1965 |
||
| 300 |
_a106. P : _c21 cm |
||
| 650 | _aMeditations | ||
| 942 |
_2ddc _cBK |
||